| 000 | 00477nam a22001577a 4500 | ||
|---|---|---|---|
| 020 | _a8120415213 | ||
| 082 | _a621.31042 SEN | ||
| 100 | _aSen, S.K. | ||
| 245 | _aPrinciples of electrical machine design with computer programs: fortan 80 & C++ | ||
| 250 | _a2nd ed. | ||
| 260 |
_aNew Delhi, India _bOxford & IBH Publishing C. Pvt. Ltd. _c2011 |
||
| 300 |
_a411 p. _bill. ; |
||
| 500 | _aIncludes index. | ||
| 650 | _a1. Electric machinery. 2. Power electronics. | ||
| 942 | _cBK | ||
| 999 |
_c12534 _d12534 |
||